Statistics for Countries Bordering France by EEZ

Click here to take the quiz!

General Stats

  • This quiz has been taken 70 times
    (66 since last reset)
  • The average score is 25 of 29

Answer Stats

Country% Correct
Belgium
100%
Spain
100%
United Kingdom
98%
Netherlands
97%
Italy
95%
Antigua and Barbuda
93%
Dominica
92%
New Zealand
92%
Saint Kitts and Nevis
92%
Australia
90%
Brazil
88%
Kiribati
88%
Monaco
88%
Saint Lucia
88%
Madagascar
86%
Tuvalu
86%
Solomon Islands
85%
Vanuatu
85%
Venezuela
85%
Fiji
83%
Samoa
83%
Suriname
83%
Canada
81%
Comoros
81%
Tonga
81%
Barbados
80%
Mauritius
80%
Mozambique
76%
Seychelles
71%

Score Distribution

Percentile by Number Answered

Percent of People with Each Score

Your Score History

You have not taken this quiz since the last reset